000
00337pab a2200157 454500
008
180718b1998 xxu||||| |||| 00| 0 eng d
100
_a
Sobti, Renu
245
_a
Education and nutrition
260
_c
1998
300
_a
p.37-41
362
_a
Oct
650
_a
Nutrition
650
_a
Education
773
_a
Yojana
909
_a
38771
999
_c
38771
_d
38771